[Event "4NCL/Div1/BR-WG1"]
[Site "Rd3-Birmingham"]
[Date "1999.11.20"]
[Round "3.7"]
[White "McFarland, Robert"]
[Black "Sowray, Peter"]
[Result "1/2-1/2"]
[WhiteElo "2267"]
[BlackElo "2358"]
[PlyCount "97"]
[EventDate "1999.11.20"]
[SourceDate "2000.01.01"]

1. Nf3 Nf6 2. g3 b6 3. Bg2 Bb7 4. O-O c5 5. c4 g6 6. Nc3 Bg7 7. Re1 O-O 8. e4
d6 9. d4 cxd4 10. Nxd4 Qd7 11. h3 Na6 12. b3 Nc5 13. Bb2 a6 14. b4 e5 15. bxc5
exd4 16. c6 Bxc6 17. Nd5 Nxd5 18. cxd5 Ba4 19. Qd2 Rac8 20. Rac1 Rc5 21. Bxd4
Bxd4 22. Qxd4 Rfc8 23. Rxc5 bxc5 24. Qc3 Bb5 25. f4 Qe7 26. e5 Re8 27. Qa5 Qd8
28. Qxd8 Rxd8 29. exd6 Rxd6 30. Rc1 c4 31. Kf2 Rd8 32. Ke3 Re8+ 33. Kd2 Kf8 34.
Rc3 {(Draw offer)} Ke7 35. Bf1 Rc8 36. Ke3 Kd6 37. Kd4 Rc5 38. Bg2 f6 39. g4
Rc7 40. Be4 Re7 41. h4 a5 42. f5 gxf5 43. Bxf5 h6 44. Be6 Rc7 45. Rf3 c3 46.
Rxc3 Rxc3 47. Kxc3 Kc5 48. a3 Bc4 49. a4 1/2-1/2

[Event "4NCL/Div1/BR-WG1"]
[Site "Rd3-Birmingham"]
[Date "1999.11.20"]
[Round "3.8"]
[White "Jackson, Sheila"]
[Black "Buckley, Melanie"]
[Result "1/2-1/2"]
[WhiteElo "2186"]
[BlackElo "2075"]
[PlyCount "84"]
[EventDate "1999.11.20"]
[SourceDate "2000.01.01"]

1. e4 e6 2. d4 d5 3. Nd2 Nf6 4. e5 Nfd7 5. Bd3 c5 6. c3 Nc6 7. Ne2 cxd4 8. cxd4
f6 9. exf6 Nxf6 10. O-O Bd6 11. Nf3 Qc7 12. Nc3 a6 13. Bg5 O-O 14. Bh4 Nh5 15.
Re1 g6 16. a3 Qg7 17. Bf1 Bd7 18. Bg5 Rf7 19. Be3 Raf8 20. Qd2 Bf4 21. Rad1 Qf6
22. Bxf4 Nxf4 23. g3 Nh5 24. Bg2 Ng7 25. Na4 Nf5 26. Nc5 Bc8 27. Ne5 Rc7 28.
Nxc6 Rxc6 29. b4 b6 30. Nb3 Nd6 31. f4 Bd7 32. Bf1 Ne4 33. Qb2 Rfc8 34. Rc1
Rxc1 35. Rxc1 Rxc1 36. Nxc1 Bc8 37. Nd3 Qd8 38. Qc1 Bb7 39. Ne5 Qc8 40. Qxc8+
Bxc8 41. Bd3 Nd6 42. a4 Kf8 1/2-1/2

[Event "4NCL/Div1/IKHH-WG2"]
[Site "Rd3-Birmingham"]
[Date "1999.11.20"]
[Round "3.1"]
[White "Nunn, John"]
[Black "Pert, Richard"]
[Result "1-0"]
[WhiteElo "2598"]
[BlackElo "2308"]
[PlyCount "81"]
[EventDate "1999.11.20"]
[SourceDate "2000.01.01"]

1. e4 g6 2. d4 Bg7 3. Nc3 c6 4. Bc4 d6 5. Qf3 e6 6. Nge2 b5 7. Bb3 a5 8. a3 Ba6
9. O-O Nd7 10. Bf4 Qe7 11. e5 d5 12. Qe3 h6 13. Qd2 Nb6 14. Rfe1 Qc7 15. Ng3
Ne7 16. Rad1 Rb8 17. Qc1 Bf8 18. Bd2 Nd7 19. Nce2 Qb6 20. c3 Rc8 21. Bc2 c5 22.
dxc5 Nxc5 23. Be3 Qc7 24. Nd4 Bg7 25. Bf4 Nd7 26. Bd3 Qb6 27. Qd2 Nc5 28. Bc2
Nd7 29. Bd3 Nc5 30. Bf1 Rb8 31. h4 Nf5 32. Ndxf5 gxf5 33. Nh5 Kf8 34. Qe3 Ne4
35. Rd4 Rh7 36. b4 Qc7 37. Nxg7 Kxg7 38. f3 Nxc3 39. Rc1 axb4 40. axb4 Rc8 41.
Rd3 1-0

[Event "4NCL/Div1/IKHH-WG2"]
[Site "Rd3-Birmingham"]
[Date "1999.11.20"]
[Round "3.2"]
[White "Law, Andrew"]
[Black "Gallagher, Joe"]
[Result "0-1"]
[WhiteElo "2304"]
[BlackElo "2521"]
[PlyCount "46"]
[EventDate "1999.11.20"]
[SourceDate "2000.01.01"]

1. Nf3 Nf6 2. c4 g6 3. Nc3 Bg7 4. e4 d6 5. d4 O-O 6. h3 Na6 7. Be3 e5 8. dxe5
dxe5 9. Be2 c6 10. O-O Qe7 11. a3 Nh5 12. Re1 Nf4 13. Bf1 Ne6 14. b4 Rd8 15.
Qb1 Nd4 16. Nd2 Nc7 17. c5 Nce6 18. Nc4 Nf4 19. Nd6 Bxh3 20. Bxf4 exf4 21. e5
Qg5 22. Nce4 Nf3+ 23. Kh1 Bxg2+ 0-1

[Event "4NCL/Div1/IKHH-WG2"]
[Site "Rd3-Birmingham"]
[Date "1999.11.20"]
[Round "3.3"]
[White "Norwood, David"]
[Black "Norris, Alan"]
[Result "0-1"]
[WhiteElo "2518"]
[BlackElo "2337"]
[PlyCount "50"]
[EventDate "1999.11.20"]
[SourceDate "2000.01.01"]

{Hnderson - Scotsman} 1. g3 g6 2. Bg2 Bg7 3. d4 d6 4. e4 e5 5. Ne2 Nc6 6. Be3
Nf6 7. h3 d5 {(An idea of Khalifman's - Henderson)} 8. dxe5 Nxe4 9. f3 Nxg3 $1
10. Nxg3 Bxe5 11. Kf2 Qh4 12. f4 Bxb2 13. Bxd5 (13. Nd2 d4 $1) 13... Bxa1 14.
c3 O-O 15. Qb3 Ne7 16. Be4 Nf5 17. Bxf5 Bxf5 18. Nd2 Be6 19. Qc2 Bd5 20. Nf3
Bxf3 21. Kxf3 Rfe8 22. Bd4 (22. Rxa1 Rxe3+) 22... c5 $1 23. Bf2 (23. Bxc5 Rac8
24. Bd4 Bxc3 25. Bxc3 Re3+ 26. Kxe3 Qxg3+) 23... Qf6 24. Rxa1 Qc6+ 25. Kg4 f5+
0-1

[Event "4NCL/Div1/IKHH-WG2"]
[Site "Rd3-Birmingham"]
[Date "1999.11.20"]
[Round "3.4"]
[White "Wall, Tim"]
[Black "Stille, Alex"]
[Result "1-0"]
[WhiteElo "2347"]
[BlackElo "1768"]
[PlyCount "53"]
[EventDate "1999.11.20"]
[SourceDate "2000.01.01"]

1. b3 e5 {(Substitute - 55 mins added to clock time)} 2. Bb2 Nc6 3. e3 Nf6 4.
c4 d6 5. Nc3 Bf5 6. Be2 Be7 7. Nf3 O-O 8. d4 exd4 9. Nxd4 Nxd4 10. Qxd4 Nd7 11.
Nd5 Bf6 12. Nxf6+ Nxf6 13. g4 Be4 14. Rg1 Qe7 15. g5 Ne8 16. O-O-O f6 17. f3
Bg6 18. h4 Rd8 19. Rg3 Qe5 20. Qxe5 fxe5 21. Bxe5 Rf7 22. f4 Rfd7 23. Bc3 Bf5
24. Bf3 c6 25. e4 Bg6 26. h5 Bf7 27. g6 1-0

[Event "4NCL/Div1/IKHH-WG2"]
[Site "Rd3-Birmingham"]
[Date "1999.11.20"]
[Round "3.5"]
[White "Ledger, Andrew"]
[Black "Lee, Graham"]
[Result "1-0"]
[WhiteElo "2431"]
[BlackElo "2328"]
[PlyCount "79"]
[EventDate "1999.11.20"]
[SourceDate "2000.01.01"]

1. c4 Nf6 2. Nc3 c5 3. g3 e6 4. Nf3 b6 5. Bg2 Bb7 6. O-O a6 7. d4 cxd4 8. Qxd4
d6 9. Rd1 Nbd7 10. Ng5 Bxg2 11. Kxg2 Rc8 12. Nge4 Rc6 13. Nxf6+ Nxf6 14. b3 Be7
15. Bb2 O-O 16. e4 Qb8 17. a4 Rd8 18. Rd2 Rdc8 19. Rad1 Bf8 20. Qe3 Nd7 21. Ne2
R6c7 22. Nd4 Qb7 23. Kg1 Nf6 24. Re2 Nd7 25. Red2 Nf6 26. Re2 Nd7 27. h3 Re8
28. Red2 Rd8 29. Nf3 b5 30. axb5 axb5 31. e5 bxc4 32. exd6 Rc6 33. bxc4 Rxc4
34. Ng5 Rc5 35. Qf4 Rf5 36. Qh4 Bxd6 37. Qxh7+ Kf8 38. Qxg7+ Ke7 39. Rxd6 Qa7
40. Rxe6# 1-0

[Event "4NCL/Div1/IKHH-WG2"]
[Site "Rd3-Birmingham"]
[Date "1999.11.20"]
[Round "3.6"]
[White "Yastrebov, Alexander"]
[Black "Black, Richard"]
[Result "1-0"]
[WhiteElo "2178"]
[BlackElo "2204"]
[PlyCount "61"]
[EventDate "1999.11.20"]
[SourceDate "2000.01.01"]

1. e4 g6 2. d4 Bg7 3. c3 d6 4. f4 Nf6 5. Bd3 O-O 6. Nf3 c5 7. dxc5 Nbd7 8. cxd6
exd6 9. Be3 Re8 10. Bd4 Nxe4 11. O-O Ndc5 12. Bc2 Bg4 13. Bxg7 Kxg7 14. Nbd2
Qf6 15. h3 Bd7 16. Nxe4 Nxe4 17. Nd4 Re7 18. Qd3 Rae8 19. Rad1 Nc5 20. Qc4 Re3
21. f5 g5 22. b4 b5 23. Nxb5 Bxb5 24. Qxb5 Rxc3 25. Qxe8 Rxc2 26. bxc5 Qb2 27.
f6+ Kh6 28. Qf8+ Kh5 29. Qxf7+ Kh4 30. Qxh7+ Kg3 31. Rd3# 1-0

[Event "4NCL/Div1/IKHH-WG2"]
[Site "Rd3-Birmingham"]
[Date "1999.11.20"]
[Round "3.7"]
[White "Wade, Robert"]
[Black "Tan, Desmond"]
[Result "1/2-1/2"]
[WhiteElo "2204"]
[BlackElo "2182"]
[PlyCount "62"]
[EventDate "1999.11.20"]
[SourceDate "2000.01.01"]

1. e4 c5 2. g3 Nc6 3. Bg2 g6 4. Ne2 Bg7 5. c3 e5 6. O-O Nge7 7. f4 d6 8. Na3
O-O 9. Nc4 exf4 10. Nxf4 Ne5 11. Ne3 c4 12. d4 cxd3 13. Nxd3 Nxd3 14. Qxd3 Be6
15. Kh1 Rc8 16. Rd1 Be5 17. Nd5 Nxd5 18. exd5 Bf5 19. Be4 Bxe4+ 20. Qxe4 Re8
21. Qf3 Qd7 22. Rf1 Bg7 23. Bf4 Re7 24. Rae1 Rce8 25. Rxe7 Rxe7 26. Kg2 f5 27.
Rf2 Be5 28. Re2 Bxf4 29. gxf4 Qe8 30. Rxe7 Qxe7 31. Kf2 Kf7 1/2-1/2

[Event "4NCL/Div1/IKHH-WG2"]
[Site "Rd3-Birmingham"]
[Date "1999.11.20"]
[Round "3.8"]
[White "Lazhevskaya, Zhanna"]
[Black "Richards, Heather"]
[Result "0-1"]
[WhiteElo "2051"]
[BlackElo "2117"]
[PlyCount "96"]
[EventDate "1999.11.20"]
[SourceDate "2000.01.01"]

1. e4 e6 2. d4 d5 3. Nc3 Bb4 4. e5 c5 5. a3 Bxc3+ 6. bxc3 Qa5 7. Bd2 Qa4 8. Nf3
b6 9. Bd3 Ba6 10. O-O Nc6 11. Be3 cxd4 12. cxd4 Bxd3 13. Qxd3 Rc8 14. Rfc1 Na5
15. Qa6 Qd7 16. Bd2 Nc4 17. Bb4 Ne7 18. Bxe7 Kxe7 19. a4 Rc7 20. Qb5 Qxb5 21.
axb5 Rhc8 22. g3 Na5 23. Ra2 Rc4 24. Rb2 R8c7 25. Kg2 Ra4 26. h4 Nc4 27. Rb3
Ra2 28. Ne1 Na5 29. Rbb1 Rc4 30. Rd1 Raa4 31. Nd3 Rxc2 32. Rbc1 Rxc1 33. Nxc1
Rb4 34. Ne2 Rxb5 35. Rc1 Nc4 36. Kf3 a5 37. Rc2 Rb2 38. Rxb2 Nxb2 39. Nc3 Kd7
40. Ke3 Kc6 41. f4 b5 42. g4 b4 43. Ne2 a4 44. Kd2 Nc4+ 45. Kc1 a3 46. Kb1 b3
47. Nc3 a2+ 48. Ka1 Ne3 0-1

[Event "4NCL/Div1/NWE-GUI"]
[Site "Rd3-Birmingham"]
[Date "1999.11.20"]
[Round "3.1"]
[White "Quillan, Gary"]
[Black "Plaskett, James"]
[Result "1/2-1/2"]
[WhiteElo "2349"]
[BlackElo "2513"]
[PlyCount "73"]
[EventDate "1999.11.20"]
[SourceDate "2000.01.01"]

1. e4 c5 2. Nf3 d6 3. Bb5+ Bd7 4. Bxd7+ Qxd7 5. c4 Nc6 6. d4 cxd4 7. Nxd4 g6 8.
Nc3 Bg7 9. Be3 Nf6 10. f3 O-O 11. O-O Rac8 12. b3 a6 13. Rc1 b5 14. cxb5 Nxd4
15. Bxd4 axb5 16. Qd3 b4 17. Nd5 Nxd5 18. exd5 Qf5 19. Qe3 Qxd5 20. Bxg7 Kxg7
21. Qxe7 Qd4+ 22. Kh1 Rfe8 23. Qg5 h6 24. Qg4 Qxg4 25. fxg4 Rxc1 26. Rxc1 Re2
27. h3 Kf6 28. Rc4 d5 29. Rxb4 Rxa2 30. Rb8 Ke5 31. Kh2 d4 32. b4 Rb2 33. b5
Kd5 34. b6 Kc6 35. Rc8+ Kb7 36. Rd8 Rxb6 37. Rxd4 1/2-1/2

[Event "4NCL/Div1/NWE-GUI"]
[Site "Rd3-Birmingham"]
[Date "1999.11.20"]
[Round "3.2"]
[White "King, Daniel"]
[Black "Kennaugh, Charles"]
[Result "0-1"]
[WhiteElo "2501"]
[BlackElo "2290"]
[PlyCount "128"]
[EventDate "1999.11.20"]
[SourceDate "2000.01.01"]

1. g3 e5 2. Bg2 d5 3. d3 g6 4. c4 dxc4 5. Qa4+ c6 6. Qxc4 Bg7 7. Nf3 Ne7 8. O-O
O-O 9. Rd1 Nd7 10. Nc3 Nb6 11. Qh4 Nf5 12. Qxd8 Rxd8 13. Bg5 f6 14. Bd2 Nd6 15.
e4 Bg4 16. h3 Be6 17. Be3 Rd7 18. Kf1 Nf7 19. b3 Bh6 20. Bxh6 Nxh6 21. Ke2 a5
22. Nd2 Rd4 23. f4 Nf7 24. Nf3 Rb4 25. Rab1 a4 26. Nd2 axb3 27. axb3 c5 28. Nc4
Nd7 29. f5 Bxc4 30. bxc4 Ra3 31. Kd2 Nd6 32. fxg6 hxg6 33. Rdc1 Nb8 34. Bf3 Nc6
35. Bd1 Nd4 36. h4 Kf7 37. Rxb4 cxb4 38. Nd5 Ra2+ 39. Ke3 b3 40. Rb1 Rg2 41. g4
f5 42. gxf5 gxf5 43. exf5 N4xf5+ 44. Kf3 Nxh4+ 45. Ke3 b2 46. Nc3 Nhf5+ 47. Kf3
Nh4+ 48. Ke3 Nhf5+ 49. Kf3 Rd2 50. Be2 Rc2 51. c5 Nd4+ 52. Kg4 N6f5 53. Bf3
Ne3+ 54. Kg3 Rxc3 55. Rxb2 Rxd3 56. Rxb7+ Kf6 57. Be4 Rc3 58. Rb6+ Kg5 59. Rg6+
Kh5 60. Rg8 Nef5+ 61. Kf2 Rxc5 62. Bb1 Rb5 63. Bd3 Rb2+ 64. Ke1 Nf3+ 0-1

[Event "4NCL/Div1/NWE-GUI"]
[Site "Rd3-Birmingham"]
[Date "1999.11.20"]
[Round "3.3"]
[White "Lund, Brett"]
[Black "Rowson, Jonathan"]
[Result "1-0"]
[WhiteElo "2291"]
[BlackElo "2490"]
[PlyCount "83"]
[EventDate "1999.11.20"]
[SourceDate "2000.01.01"]

1. g3 d5 2. f4 Nc6 3. Nf3 Bg4 4. Bg2 Qd7 5. c4 e6 6. b3 Be7 7. Bb2 Bxf3 8. Bxf3
Bf6 9. Nc3 Nge7 10. d3 Nd4 11. e4 dxe4 12. dxe4 O-O-O 13. Bg2 Qc6 14. O-O Ndf5
15. Qe2 Qb6+ 16. Kh1 Bxc3 17. Bxc3 Nd4 18. Qf2 Rd7 19. b4 Rhd8 20. a4 Qa6 21.
b5 Qd6 22. a5 Qc5 23. Ra4 Nb3 24. Qc2 Nd2 25. Rc1 Qe3 26. Bb4 c5 27. bxc6 Nxc6
28. a6 Nf3 29. Rf1 Nfd4 30. Qa2 b6 31. Be1 Nb3 32. Ra3 Ncd4 33. Bf2 Qd2 34. Qb1
Nc5 35. Be1 Qc2 36. Bf2 Qxc4 37. Rc1 Qe2 38. Ra2 Nc2 39. Raxc2 Rd1+ 40. Bg1 Qe1
41. Rxc5+ Kb8 42. Rc8+ 1-0

[Event "4NCL/Div1/NWE-GUI"]
[Site "Rd3-Birmingham"]
[Date "1999.11.20"]
[Round "3.4"]
[White "Webb, Richard"]
[Black "Hague, Ben"]
[Result "1/2-1/2"]
[WhiteElo "2351"]
[BlackElo "2240"]
[PlyCount "35"]
[EventDate "1999.11.20"]
[SourceDate "2000.01.01"]

1. e4 g6 2. d4 Bg7 3. Nc3 d6 4. Be3 c6 5. Qd2 Nd7 6. f4 Ngf6 7. Nf3 b5 8. e5 b4
9. exf6 bxc3 10. Qxc3 Nxf6 11. Qxc6+ Bd7 12. Qa6 O-O 13. Be2 Qc7 14. Qc4 Qb6
15. Qb3 Qc7 16. Qc4 Qb6 17. Qb3 Qc7 18. Qc4 1/2-1/2

[Event "4NCL/Div1/NWE-GUI"]
[Site "Rd3-Birmingham"]
[Date "1999.11.20"]
[Round "3.5"]
[White "Tebb, David"]
[Black "Povah, Nigel"]
[Result "0-1"]
[WhiteElo "2272"]
[BlackElo "2360"]
[PlyCount "40"]
[EventDate "1999.11.20"]
[SourceDate "2000.01.01"]

1. e4 d5 2. exd5 Nf6 3. Nf3 Qxd5 4. Nc3 Qa5 5. g3 Nc6 6. Bg2 Bg4 7. h3 Bh5 8.
g4 Bg6 9. Nh4 Qe5+ 10. Kf1 Nd4 11. d3 e6 12. f4 Qd6 13. Be3 Nxc2 14. Bf2 Qxd3+
15. Kg1 Nxa1 16. Qxa1 Be4 17. Nxe4 Nxe4 18. Qe1 Nxf2 19. Qxf2 Qc4 20. Kh2 Bd6
0-1

[Event "4NCL/Div1/NWE-GUI"]
[Site "Rd3-Birmingham"]
[Date "1999.11.20"]
[Round "3.6"]
[White "Anderton, Matthew"]
[Black "Merriman, John"]
[Result "0-1"]
[WhiteElo "2216"]
[BlackElo "2250"]
[PlyCount "128"]
[EventDate "1999.11.20"]
[SourceDate "2000.01.01"]

1. e4 e6 2. d4 d5 3. Nc3 Bb4 4. e5 c5 5. a3 Bxc3+ 6. bxc3 Qc7 7. Nf3 Ne7 8. h4
Bd7 9. h5 h6 10. Bd3 Nbc6 11. O-O O-O-O 12. a4 Be8 13. Ba3 c4 14. Be2 f6 15.
Bd6 Qa5 16. Qd2 Bxh5 17. Rfb1 Rd7 18. Rb5 Qd8 19. a5 a6 20. Rb6 Nxa5 21. Bc5
Nac6 22. Qc1 Bxf3 23. Bxf3 Qc7 24. Rab1 Nxe5 25. Be2 N5c6 26. Rxb7 Qxb7 27.
Rxb7 Rxb7 28. Qe3 Nd8 29. Bg4 f5 30. Bh5 Nec6 31. Qf4 Rd7 32. Kh2 Rg8 33. Qe3
g6 34. Be2 h5 35. Qg5 Rf7 36. f4 Nb7 37. Ba3 Kd7 38. Kg1 Ne7 39. Qg3 Nd6 40.
Qe3 Nb5 41. Bb4 Nc6 42. Qf3 Nd6 43. Qf1 a5 44. Ba3 Nb5 45. Qa1 Nxa3 46. Qxa3
Ra8 47. Qa4 Rff8 48. Kh2 Rfc8 49. Kh3 Ke7 50. Bf3 Kf7 51. Kh4 Ne7 52. Kg5 Rc7
53. Kh4 Raa7 54. Kg5 Nc8 55. Be2 Nb6 56. Qa3 a4 57. Bf3 Nc8 58. Be2 Rc6 59. Bf3
Raa6 60. g3 Nd6 61. Bg2 Nb5 62. Qb4 Rcb6 63. Qc5 a3 64. Qc8 Ke7 0-1

[Event "4NCL/Div1/NWE-GUI"]
[Site "Rd3-Birmingham"]
[Date "1999.11.20"]
[Round "3.7"]
[White "James, Dale"]
[Black "James, Russell"]
[Result "0-1"]
[WhiteElo "2239"]
[BlackElo "2204"]
[PlyCount "42"]
[EventDate "1999.11.20"]
[SourceDate "2000.01.01"]

1. e4 e5 2. Nf3 Nc6 3. Bb5 Nf6 4. O-O Bc5 5. c3 O-O 6. d4 Bb6 7. Bg5 h6 8. Bh4
d6 9. Bxc6 bxc6 10. dxe5 dxe5 11. Qxd8 Rxd8 12. Nxe5 g5 13. Bg3 Nxe4 14. Nxc6
Re8 15. Na3 f5 16. Kh1 Ba6 17. Rfe1 f4 18. f3 Nf6 19. Rxe8+ Rxe8 20. Nb4 Bb7
21. Be1 g4 0-1

[Event "4NCL/Div1/NWE-GUI"]
[Site "Rd3-Birmingham"]
[Date "1999.11.20"]
[Round "3.8"]
[White "Yurenok, Maria"]
[Black "Chevannes, Sabrina"]
[Result "1/2-1/2"]
[WhiteElo "1912"]
[BlackElo "1488"]
[PlyCount "87"]
[EventDate "1999.11.20"]
[SourceDate "2000.01.01"]

1. d4 Nf6 2. Nf3 d5 3. c3 Bg4 4. Ne5 Bf5 5. Qb3 Qc8 6. Bg5 c6 7. Nd2 Nbd7 8.
Nxd7 Nxd7 9. Bf4 e6 10. e3 Be7 11. Be2 O-O 12. O-O Nb6 13. Rfc1 Rd8 14. a4 Nd7
15. c4 dxc4 16. Nxc4 Nf6 17. Na5 Rd7 18. Bf3 Be4 19. Bxe4 Nxe4 20. f3 Nd6 21.
e4 Qd8 22. Qc3 Qb6 23. Nb3 Ne8 24. a5 Qb4 25. Qxb4 Bxb4 26. a6 Rc8 27. Ra4 Be7
28. axb7 Rxb7 29. Na5 Rb6 30. Nc4 Rb7 31. Na5 Rb6 32. d5 exd5 33. exd5 c5 34.
Nc6 Bf8 35. Rxa7 Rxb2 36. Ne7+ Bxe7 37. Rxe7 Rb5 38. Rce1 Kf8 39. Rd7 c4 40.
Ree7 f6 41. Rf7+ Kg8 42. Rfe7 Rb1+ 43. Kf2 c3 44. Re1 1/2-1/2

[Event "4NCL/Div1/RIC-SL"]
[Site "Rd3-Birmingham"]
[Date "1999.11.20"]
[Round "3.1"]
[White "Williams, Simon"]
[Black "Turner, Matthew"]
[Result "0-1"]
[WhiteElo "2421"]
[BlackElo "2478"]
[PlyCount "48"]
[EventDate "1999.11.20"]
[SourceDate "2000.01.01"]

1. f4 g6 2. Nf3 c5 3. e4 Bg7 4. Nc3 Nc6 5. Be2 e6 6. O-O Nge7 7. d3 d6 8. Qe1
f5 9. Nd1 O-O 10. Ne3 b6 11. Qh4 Qd7 12. Bd2 Nd4 13. Rae1 Bb7 14. c3 Nxe2+ 15.
Rxe2 Rae8 16. Rfe1 h6 17. Nd1 c4 18. Re3 e5 19. fxe5 f4 20. exd6 fxe3 21. dxe7
Rxf3 22. Bxe3 Rf7 23. Bxh6 cxd3 24. Ne3 Qxe7 0-1

[Event "4NCL/Div1/RIC-SL"]
[Site "Rd3-Birmingham"]
[Date "1999.11.20"]
[Round "3.2"]
[White "Hebden, Mark"]
[Black "Quinn, Mark"]
[Result "1-0"]
[WhiteElo "2510"]
[BlackElo "2377"]
[PlyCount "71"]
[EventDate "1999.11.20"]
[SourceDate "2000.01.01"]

1. d4 Nf6 2. Nf3 b6 3. Bg5 Bb7 4. Nbd2 c5 5. c3 Qc7 6. e3 e6 7. Bd3 Be7 8. O-O
d6 9. Qe2 Nbd7 10. e4 h6 11. Bxf6 Nxf6 12. e5 dxe5 13. dxe5 Nd5 14. Bb5+ Kf8
15. Ba6 Bc6 16. Rfe1 g5 17. Qc4 Rg8 18. Ne4 g4 19. Nfd2 Nf4 20. Bb5 Bd5 21. Qf1
Qxe5 22. Nxc5 Nh3+ 23. Kh1 Qf4 24. Nd7+ Kg7 25. Qe2 Bd6 26. Nf1 Nxf2+ 27. Kg1
Ne4 28. Rad1 a6 29. Bd3 f5 30. Bxe4 fxe4 31. c4 Rgd8 32. Ng3 Qf7 33. Qxg4+ Kh7
34. cxd5 exd5 35. Nxe4 Rxd7 36. Qxd7 1-0

[Event "4NCL/Div1/RIC-SL"]
[Site "Rd3-Birmingham"]
[Date "1999.11.20"]
[Round "3.3"]
[White "Bates, Richard"]
[Black "Kosten, Anthony"]
[Result "1/2-1/2"]
[WhiteElo "2376"]
[BlackElo "2515"]
[PlyCount "47"]
[EventDate "1999.11.20"]
[SourceDate "2000.01.01"]

1. d4 Nf6 2. c4 d6 3. Nc3 Nbd7 4. Nf3 g6 5. e4 e5 6. Be2 Bg7 7. O-O O-O 8. Re1
c6 9. Rb1 exd4 10. Nxd4 Re8 11. f3 d5 12. exd5 cxd5 13. Nc2 dxc4 14. Bxc4 Nb6
15. Qxd8 Rxd8 16. Bb3 Bf5 17. Bg5 h6 18. Bh4 Rd2 19. Rbc1 g5 20. Bf2 Rad8 21.
Ne3 Bg6 22. Rcd1 Rxd1 23. Rxd1 Rxd1+ 24. Nexd1 1/2-1/2

[Event "4NCL/Div1/RIC-SL"]
[Site "Rd3-Birmingham"]
[Date "1999.11.20"]
[Round "3.4"]
[White "McNab, Colin"]
[Black "Wall, Gavin"]
[Result "1/2-1/2"]
[WhiteElo "2445"]
[BlackElo "2353"]
[PlyCount "91"]
[EventDate "1999.11.20"]
[SourceDate "2000.01.01"]

1. c4 c5 2. Nf3 g6 3. Nc3 Bg7 4. g3 Nc6 5. Bg2 Nh6 6. h4 d6 7. h5 Bg4 8. hxg6
hxg6 9. d3 Qd7 10. Bd2 O-O-O 11. Qa4 Kb8 12. O-O-O Nf5 13. Ng5 Rxh1 14. Rxh1
Bxc3 15. Bxc3 Bxe2 16. Bxc6 Qxc6 17. Qxc6 bxc6 18. Kd2 f6 19. Kxe2 fxg5 20. g4
Nd4+ 21. Bxd4 cxd4 22. Rh6 d5 23. c5 Kc7 24. Rxg6 Rb8 25. b3 Rb5 26. Rxg5 Rxc5
27. Kd2 Ra5 28. a4 Rc5 29. Re5 Kd6 30. Re1 Rc3 31. Rb1 e5 32. f3 e4 33. fxe4
dxe4 34. dxe4 Ke5 35. b4 Kxe4 36. Rc1 Rd3+ 37. Ke2 Rb3 38. Rxc6 Rb2+ 39. Kd1
Rxb4 40. Ra6 Kd3 41. Kc1 Rc4+ 42. Kd1 Rc2 43. Rxa7 Rg2 44. Kc1 Rg1+ 45. Kb2
Rxg4 46. Rh7 1/2-1/2

[Event "4NCL/Div1/RIC-SL"]
[Site "Rd3-Birmingham"]
[Date "1999.11.20"]
[Round "3.5"]
[White "Delaney, Paul"]
[Black "Summerscale, Aaron"]
[Result "0-1"]
[WhiteElo "2305"]
[BlackElo "2423"]
[PlyCount "70"]
[EventDate "1999.11.20"]
[SourceDate "2000.01.01"]

1. e4 d6 2. d4 Nf6 3. Nc3 c6 4. f4 Qa5 5. Bd3 e5 6. Nf3 Bg4 7. Be3 Nbd7 8. Qd2
Be7 9. O-O Bxf3 10. gxf3 O-O 11. Nd5 Qd8 12. Nxe7+ Qxe7 13. fxe5 dxe5 14. Qc3
Rfe8 15. Rae1 Rad8 16. dxe5 Qxe5 17. Bd4 Qh5 18. Kh1 c5 19. Bxf6 Nxf6 20. e5
Nd5 21. Qxc5 Rxe5 22. Rxe5 Qxe5 23. Be4 f5 24. Bxd5+ Qxd5 25. Qxa7 Qb5 26. Re1
Qxb2 27. Qa5 Qf6 28. Qb5 Qf7 29. a4 h6 30. Re5 Rd1+ 31. Kg2 Qg6+ 32. Kh3 Qh5+
33. Kg2 Qg5+ 34. Kh3 Rd4 35. Qe8+ Kh7 0-1

[Event "4NCL/Div1/RIC-SL"]
[Site "Rd3-Birmingham"]
[Date "1999.11.20"]
[Round "3.6"]
[White "Buckley, Graeme"]
[Black "Webb, Laurence"]
[Result "0-1"]
[WhiteElo "2320"]
[BlackElo "2213"]
[PlyCount "106"]
[EventDate "1999.11.20"]
[SourceDate "2000.01.01"]

1. d4 Nf6 2. c4 e6 3. Nc3 Bb4 4. Nf3 c5 5. e3 O-O 6. Bd3 Nc6 7. d5 Ne7 8. e4 d6
9. Bd2 Ng6 10. O-O e5 11. Re1 Nh5 12. g3 Bg4 13. Be2 Nf6 14. Qc2 h6 15. a3 Bxc3
16. Bxc3 Nh7 17. b4 b6 18. Bd2 f5 19. exf5 Bxf5 20. Bd3 Qf6 21. Re4 Bd7 22. Be2
Bf5 23. Rb1 Bxe4 24. Qxe4 Qf5 25. Qxf5 Rxf5 26. Be3 Rff8 27. Nd2 Nf6 28. Bf1
Rfb8 29. Bh3 Nf8 30. f4 N8d7 31. Ne4 Nxe4 32. Bxd7 exf4 33. Bxf4 Rd8 34. Bc6
Rab8 35. Re1 Ng5 36. Re7 Nh3+ 37. Kg2 Nxf4+ 38. gxf4 cxb4 39. axb4 a5 40. bxa5
bxa5 41. Ra7 Rb4 42. Bb5 a4 43. Kg3 Rb3+ 44. Kg4 a3 45. Bd7 Rf8 46. f5 Rc3 47.
Bb5 Rf7 48. Ra8+ Kh7 49. Ra6 Re7 50. f6 Re4+ 51. Kf5 Re5+ 52. Kg4 h5+ 53. Kh4
Kh6 0-1

[Event "4NCL/Div1/RIC-SL"]
[Site "Rd3-Birmingham"]
[Date "1999.11.20"]
[Round "3.7"]
[White "Trifunovic, Alex"]
[Black "Lalic, Susan"]
[Result "0-1"]
[WhiteElo "2262"]
[BlackElo "2318"]
[PlyCount "66"]
[EventDate "1999.11.20"]
[SourceDate "2000.01.01"]

1. d4 d5 2. c4 e6 3. Nc3 c5 4. cxd5 cxd4 5. Qxd4 Nc6 6. Qd1 exd5 7. Qxd5 Bd7 8.
Nf3 Nf6 9. Qd1 Bc5 10. e3 Qe7 11. a3 O-O-O 12. Qc2 Kb8 13. Be2 g5 14. b4 g4 15.
Nd2 Bb6 16. Nc4 Bc7 17. Bb2 Ne5 18. Nxe5 Bxe5 19. Nd1 Bc6 20. O-O Bc7 21. Qc5
Qe6 22. Bc4 Qe4 23. f3 gxf3 24. Bxf6 Rhg8 25. Rf2 Rxg2+ 26. Rxg2 f2+ 27. Kxf2
Qxg2+ 28. Ke1 Qd2+ 29. Kf1 Bg2+ 30. Kg1 Bxh2+ 31. Kxh2 Bf3+ 32. Be2 Qxe2+ 33.
Nf2 Qxf2+ 0-1

[Event "4NCL/Div1/RIC-SL"]
[Site "Rd3-Birmingham"]
[Date "1999.11.20"]
[Round "3.8"]
[White "Tucker, Alex"]
[Black "Shah, Arpi"]
[Result "1-0"]
[WhiteElo "2213"]
[BlackElo "2079"]
[PlyCount "112"]
[EventDate "1999.11.20"]
[SourceDate "2000.01.01"]

1. e4 c6 2. d4 d5 3. e5 Bf5 4. Nf3 e6 5. Be2 c5 6. O-O Nc6 7. c3 h6 8. Be3 cxd4
9. cxd4 Nge7 10. Nc3 Nc8 11. Na4 Nb6 12. Nc5 Bxc5 13. dxc5 Nd7 14. Bb5 Qc7 15.
Bxc6 Qxc6 16. Nd4 Qc7 17. Nxf5 exf5 18. Qxd5 O-O 19. e6 fxe6 20. Qxe6+ Kh7 21.
Rac1 Rf6 22. Qd5 Nf8 23. Rfd1 Re8 24. g3 Re5 25. Qd8 Qf7 26. Rd6 Rg6 27. Rxg6
Nxg6 28. Qd4 Qxa2 29. b4 Qf7 30. b5 Re4 31. Qd3 Ne5 32. Qe2 Ng4 33. c6 bxc6 34.
bxc6 Nxe3 35. fxe3 Qc7 36. Qb5 Re5 37. Qd3 h5 38. Rc4 a5 39. Kf2 Kh6 40. h3 Re6
41. Qd7 Re7 42. Qd5 Re5 43. Qf3 Re6 44. h4 a4 45. Qf4+ Qxf4+ 46. gxf4 Re8 47.
Rxa4 Rc8 48. Rc4 Kg6 49. Kf3 Kf6 50. c7 Ke6 51. e4 fxe4+ 52. Kxe4 Kd7 53. Kf5
Rxc7 54. Rxc7+ Kxc7 55. Kg6 Kd6 56. Kxg7 Kd5 1-0

[Event "4NCL/Div1/SWR-AD"]
[Site "Rd3-Birmingham"]
[Date "1999.11.20"]
[Round "3.1"]
[White "Davies, Nigel"]
[Black "Chandler, Murray"]
[Result "1/2-1/2"]
[WhiteElo "2518"]
[BlackElo "2505"]
[PlyCount "93"]
[EventDate "1999.11.20"]
[SourceDate "2000.01.01"]

1. d4 d5 2. c4 e6 3. Nf3 Nf6 4. g3 dxc4 5. Bg2 a6 6. O-O Nc6 7. e3 Bd7 8. Qe2
b5 9. Rd1 Be7 10. Nc3 Rb8 11. e4 O-O 12. Bf4 Re8 13. Ne5 h6 14. Nxf7 Kxf7 15.
e5 Kg8 16. exf6 Bxf6 17. Qh5 Nxd4 18. Be5 Bxe5 19. Qxe5 Nf5 20. Ne4 Rb6 21. Rd2
Qc8 22. Rad1 Bc6 23. g4 Bxe4 24. Bxe4 Nd6 25. Bg6 Rf8 26. g5 b4 27. gxh6 gxh6
28. Qh5 Qd7 29. f3 Rb5 30. Qxh6 Qg7 31. Qxg7+ Kxg7 32. Rg2 Kf6 33. h4 Nf5 34.
Bxf5 Rxf5 35. Rc1 Rd8 36. Rxc4 c5 37. Rgc2 Rxf3 38. Rxc5 Rf4 39. h5 Rg8+ 40.
Rg2 Rxg2+ 41. Kxg2 Rf5 42. Rc6 Rg5+ 43. Kf3 Rxh5 44. Rxa6 Rh2 45. b3 Ke5 46.
Ra4 Kd5 47. Rxb4 1/2-1/2